Estadísticas para Escudos equipos Segunda División España

Haz click aquí para intentar la prueba.

Estadísticas generales

  • Esta prueba ha sido intentada 796 veces
    (382 desde el último reinicio)
  • La puntuación promedio es 20 de 22

Estadísticas de respuestas

Respuesta% Correcto
RCD Espanyol
100%
Burgos CF
98%
Elche CF
98%
FC Cartagena
98%
Levante UD
98%
SD Eibar
98%
SD Huesca
98%
CD Leganés
97%
Racing de Santander
97%
CD Eldense
95%
Real Valladolid
93%
Sporting de Gijón
89%
Racing de Ferrol
88%
Andorra FC
87%
Real Oviedo
87%
Albacete Balompié
86%
Real Zaragoza
85%
CD Tenerife
84%
AD Alcorcón
78%
CD Mirandés
76%
SD Amorebieta
74%
Villarreal B
68%

Distribución de puntuación

Porcentaje por número respondido

Porcentaje de gente con cada puntuación

Historial de tus puntuaciones

No has intentado esta prueba desde el último reinicio